Countries Dean Acheson visited - Statistics

General Stats
  • This quiz has been taken 16 times
  • The average score is 8 of 11
Answer Stats
Continent Country % Correct
South America Brazil
100%
Europe France
100%
North America Canada
92%
Europe Belgium
85%
Europe Germany
77%
Europe United Kingdom
77%
Europe Austria
62%
Europe Italy
62%
Europe Portugal
46%
North America Trinidad and Tobago
38%
Africa Senegal
23%
No matching quizzes found
Score Distribution
Percent of People with Each Score
Percentile by Number Answered
Your Score History
You have not taken this quiz